| 000 | 00519nam a2200193 4500 | ||
|---|---|---|---|
| 003 | LK-CoMWRAF | ||
| 005 | 20230905152518.0 | ||
| 008 | 230905b1994 |||||||| |||| 00| 0 eng d | ||
| 020 | _a8172242875 | ||
| 040 |
_aLK-CoMWRAF _dLK-CoMWRAF _eLK-CoMWRAF |
||
| 041 | _aeng | ||
| 082 |
_a954.03 _bCHA |
||
| 100 | _aChaudhuri, Nirad C. | ||
| 245 | _aThe Autobiography of an unknown Indian | ||
| 260 |
_aBombe : _bJaico publishing house, _c1994 |
||
| 650 | _aIndia -- Biography | ||
| 650 | _aAutobiographies | ||
| 942 | _cBK | ||
| 999 |
_c3413 _d3413 |
||